Napredovanie online marketingu

Salvato in:
Dettagli Bibliografici
Autore principale: Szivósová, Mária, 1958-
Natura: Capitolo di libro
Lingua:inglese
Soggetti:
Tags: Aggiungi Tag
Nessun Tag, puoi essere il primo ad aggiungerne!!

MARC

LEADER 00000naa$a2200000$$$4500
001 0270761
005 20240502074239.8
041 0 |a eng 
044 |a SK 
245 1 0 |a Napredovanie online marketingu  |c Mária Szivósová 
500 |a abstrakt 
610 2 0 |a marketing elektronický 
610 2 0 |a predaj 
610 2 0 |a siete sociálne 
610 2 0 |a obchod elektronický 
100 1 |a Szivósová, Mária, 1958-